Shaping the future of special libraries: (Record no. 191218)

MARC details
000 -LEADER
fixed length control field 00648nam a2200181 4500
005 - DATE AND TIME OF LATEST TRANSACTION
control field 20220823121712.0
010 ## - LCCN (DPL NO)
LC control number ENG-134546
020 ## - INTERNATIONAL STANDARD BOOK NUMBER
International Standard Book Number 9788180521539
Terms of availability 795.00
035 ## - SYSTEM CONTROL NUMBER
System control number EN-118078
037 ## - SOURCE OF ACQUISITION
Source of stock number/acquisition DBAD/PUB
082 ## - DEWEY DECIMAL CLASSIFICATION NUMBER
Classification number 025.4
245 ## - TITLE STATEMENT
Title Shaping the future of special libraries:
Remainder of title beyond boundaries/
Statement of responsibility, etc Edited by S.M. Dhawan...[et.al]
260 ## - PUBLICATION, DISTRIBUTION, ETC. (IMPRINT)
Place of publication, distribution, etc New Delhi
Name of publisher, distributor, etc Ane Books
Date of publication, distribution, etc 2009
270 ## - ADDRESS
Address 4821, Parwana Bhawan, 1st floor, 24 Ansari Road, Darya Ganj
City New Delhi
Postal code 1100002
Telephone number 23276843-44
Fax number 23276863
Electronic mail address kapoor@anebooks.com
300 ## - PHYSICAL DESCRIPTION
Extent xvi,656p.
Dimensions 24cm(pbk)
700 ## - ADDED ENTRY--PERSONAL NAME
Personal name Dhawan, S.M.
Relator term Editor
942 ## - ADDED ENTRY ELEMENTS (KOHA)
Source of classification or shelving scheme Dewey Decimal Classification
Item type English Books
Classification part 025.4
Call number suffix SHA
Holdings
Withdrawn status Lost status Not for loan Collection code Home library Current library Date acquired Source of acquisition Cost, normal purchase price Full call number Barcode Copy number Cost, replacement price Koha item type
      Non-fiction Ashok Vihar Ashok Vihar 23/08/2022 DBAD/PUB 795.00 025.4 SHA EN-118078 1 795.00 English Books

© Delhi Public Library
Hit Counter
free hit counter